Visualizzazione normale
Vista MARC
- Biblia. N.T.
di Uniform Title
Records bibliografici associati: 1
001 - CONTROL NUMBER
- control field: 57732
003 - CONTROL NUMBER IDENTIFIER
- control field:
005 - DATE AND TIME OF LATEST TRANSACTION
- control field: 20190402163857.0
008 - FIXED-LENGTH DATA ELEMENTS
- fixed length control field: 190402|| aca||aabn | a|a d
040 ## - CATALOGING SOURCE
- Original cataloging agency:
- Transcribing agency:
130 ## - HEADING--UNIFORM TITLE
- Uniform title: Biblia. N.T.
670 ## - SOURCE DATA FOUND
- Source citation: Work cat.: ()0: Landi, Antonio. 1980-, autore 57731, Generare alla vita in Cristo., 2017